00684cam a2200193 a 450000100060000000300080000600500170001400800410003103500190007204000180009104100080010908200240011724501440014126000450028530000350033050400490036565000480041465000280046275267BD-RjUL20211209082651.0870723s1937 enka 000 0 eng d a(BD-RjUL)75485 aAUCbengcAUC aeng 223a338.1bPRO 193714a proceedings of the fourth International Conference of Agriculturoal Economists held at st. andrews Scotlandc30 August to 6 september 1936 aLondon :bOxford University press,c1937 a528 Pages :bIlutrationc23 cm aIncludes Bibliographycal Reference and Index aAgriculturevEconomic aspects xCongresses. aagricultural economics.